|
|
|
|
| LEADER |
00641cam a2200193 7i4500 |
| 001 |
0000001175 |
| 005 |
20090216090000.0 |
| 020 |
|
|
|a 9839099035 (pbk.)
|
| 050 |
0 |
0 |
|a BP173.6 ISL 1994
|
| 090 |
0 |
0 |
|a BP173.6
|b .I93 1994
|
| 245 |
0 |
0 |
|a Islamic values and management
|c edited by Syed Othman Alhabshi & Aidit Haji Ghazali.
|
| 260 |
|
|
|a Kuala Lumpur:
|b IKIM,
|c 1994.
|
| 300 |
|
|
|a v, 80 p.:
|b ill.;
|c 22 cm.
|
| 500 |
|
|
|a Includes index
|
| 650 |
0 |
0 |
|a Management --
|x Religious aspects --
|x Islam
|
| 650 |
0 |
0 |
|a Islam and work
|
| 700 |
0 |
|
|a Aidit Haji Ghazali
|
| 700 |
0 |
|
|a Syed Othman Alhabshi
|
| 999 |
|
|
|a 0000006927
|b BOK
|c OPEN SHELF
|e 1st Floor, Bestari Jaya
|